|
|
|
|
| LEADER |
01763nam a2200409 i 4500 |
| 001 |
EBC6669749 |
| 003 |
MiAaPQ |
| 005 |
20220529092305.0 |
| 006 |
m o d | |
| 007 |
cr cnu|||||||| |
| 008 |
220529s2010 fr o 000 0 fre d |
| 020 |
|
|
|z 9782296129047
|q (print)
|
| 020 |
|
|
|a 9782296446526
|q (electronic bk.)
|
| 035 |
|
|
|a (MiAaPQ)EBC6669749
|
| 035 |
|
|
|a (Au-PeEL)EBL6669749
|
| 035 |
|
|
|a (OCoLC)1261364174
|
| 040 |
|
|
|a MiAaPQ
|b eng
|e rda
|e pn
|c MiAaPQ
|d MiAaPQ
|
| 050 |
|
4 |
|a HD58.7
|b .R477 2010
|
| 082 |
0 |
|
|a 302.35
|2 23
|
| 245 |
0 |
0 |
|a Ressources humaines, force de travail et capital humain :
|b des notions aux pratiques /
|c sous la direction de Louis Marmoz et Veronique Attias Delattre.
|
| 264 |
|
1 |
|a Paris :
|b L'Harmattan,
|c [2010]
|
| 264 |
|
4 |
|c Ã2010
|
| 300 |
|
|
|a 1 online resource (315 pages).
|
| 336 |
|
|
|a text
|b txt
|2 rdacontent
|
| 337 |
|
|
|a computer
|b c
|2 rdamedia
|
| 338 |
|
|
|a online resource
|b cr
|2 rdacarrier
|
| 490 |
1 |
|
|a Collection Educations et societes
|
| 588 |
|
|
|a Description based on print version record.
|
| 590 |
|
|
|a Electronic reproduction. Ann Arbor, MI : ProQuest, 2018. Available via World Wide Web. Access may be limited to ProQuest affiliated libraries.
|
| 650 |
|
0 |
|a Organizational behavior.
|
| 655 |
|
4 |
|a Electronic books.
|
| 700 |
1 |
|
|a Marmoz, Louis,
|d 1944-
|e editor.
|
| 700 |
1 |
|
|a Attias-Delattre, Veronique,
|e editor.
|
| 776 |
0 |
8 |
|i Print version:
|t Ressources humaines, force de travail et capital humain : des notions aux pratiques.
|d Paris : L'Harmattan, c2010
|h 315 pages
|k Collection Education et societes.
|z 9782296129047
|
| 797 |
2 |
|
|a ProQuest (Firm)
|
| 830 |
|
0 |
|a Collection Education et societes.
|
| 856 |
4 |
0 |
|u https://ebookcentral.proquest.com/lib/matrademy/detail.action?docID=6669749
|z Click to View
|